000 010730000a22001330004500
100 1 _aMartinez, Dario Ernesto.
245 1 0 _aLa creencia cristiana como opción fundamental por la no-violencia.
300 _aVol.59, no.168 (Jul. - Dic., 2009), p. 423-448
500 _aUbicación: varios
520 _aSe pretende presentar el cristianismo como una "opción fundamental" de la existencia humana que tiene como una de sus consecuencias morales básicas, de acuerdo con las directrices evangélica, la práctica de la no-violencia sin ningún atenuante. En este sentido, se aboga por recuperar la tradición olvidada o perdida del cristianismo de las primeras comunidades de creyentes que se tomaron muy en serio este distintivo de la conducta cristiana. Esta reflexión permite que se visibilicen algunas orientaciones que pueden considerarse de actualidad apremiante en la búsqueda de alternativas a la particular situación de violencia que afronta la sociedad colombiana.
650 1 4 _aCONDUCTA (ETICA) - CRISTIANISMO
773 0 _tTheologica Xaveriana
942 _cANA
999 _c63002
_d63002